Statistics for Antidote Lyrics- Travis Scott

Click here to take the quiz!

General Stats

  • This quiz has been taken 184 times
  • The average score is 286 of 428

Answer Stats

HintAnswer% Correct
A
99%
I
97%
Do
96%
Dont
95%
The
95%
You
95%
That
94%
Window
94%
Antidote
93%
Open
93%
Up
92%
We
91%
All
90%
Is
90%
Know
89%
Poppin
87%
Let
86%
Pills
86%
It
85%
Out
85%
In
83%
Night
81%
Show
79%
Hills
78%
At
77%
Its
77%
On
76%
Go
75%
Door
74%
Front
74%
No
74%
Mo
71%
Again
68%
Hoe
68%
Me
68%
Through
68%
So
67%
Lowkey
66%
My
66%
Party
66%
Sunday
66%
Just
65%
Monday
65%
Week
65%
Hoes
64%
Three
64%
This
63%
Weekend
59%
Old
58%
Check
57%
Met
57%
Fucked
55%
She
55%
Hit
54%
Oh
54%
Spent
54%
Might
53%
Want
51%
Can
50%
Get
50%
Bitch
49%
Thats
49%
Happen
47%
Peat
47%
To
47%
Who
46%
Got
45%
He
43%
If
43%
x2Ooh
43%
Anything
42%
Of
42%
Everything
41%
Feds
41%
Right
41%
Like
40%
Your
40%
Im
39%
Be
38%
How
38%
Lit
36%
One
36%
Off
35%
And
34%
Cameraman
34%
For
34%
Not
33%
Stages
33%
They
33%
Angles
32%
Cause
32%
Fuckin
32%
Though
32%
Dinero
30%
Home
30%
Snappin
30%
Stackin
30%
Wanna
30%
Bitches
29%
Coco
29%
Kickin
29%
Aint
28%
Bottles
28%
Day
28%
Had
28%
Where
28%
Crazy
27%
Over
27%
Sippin
27%
Different
26%
Flight
26%
Gotta
26%
Lets
26%
Light
26%
Place
26%
These
26%
Hatin
25%
Catch
24%
H town
24%
Late
24%
Number
24%
Occasions
24%
Related
24%
Two
24%
Us
24%
Callin
23%
Think
23%
More
22%
Twice
22%
Fire
21%
Mistaken
21%
Satan
21%
Shit
21%
With
21%
Impatient
20%
Roll
20%
Young
20%
Complicated
19%
Lord
19%
Only
19%
Type
18%
Overboard
17%
Piped
17%
Dealin
16%
Waitin
16%
Dyin
14%
Stayin
14%
Ages
12%
Bun b
11%
Stinkin
11%
Kids
9%
Wnt
1%

Score Distribution

Percentile by Number Answered

Percent of People with Each Score

Your Score History

You have not taken this quiz